| 000 | 01001nam0a2200337 4500 | ||
|---|---|---|---|
| 001 | RU\NLR\bibl\349861 | ||
| 005 | 20250621153242.0 | ||
| 010 |
_a5-8318-0069-5 _95000 |
||
| 021 |
_aRU _b2002-24595 _91233 |
||
| 035 | _a(NLR Aleph) 000344617 | ||
| 090 |
_a237942 _c237942 |
||
| 100 | _a20020911d2001 |||y0rusy50 ca | ||
| 101 | 1 |
_arus _ceng |
|
| 102 | _aRU | ||
| 105 | _ay ||||||||| | ||
| 200 | 1 |
_aАпостольский Евангелизм _e[Перевод] _fДжим Бучан |
|
| 210 |
_aСПб. _cНовое и Старое _d2001 |
||
| 215 |
_a253 с. _d21 |
||
| 606 | 0 |
_aЕвангелизация _92082319 _3RU\NLR\AUTH\661258340 |
|
| 610 | 0 | _aХристианство | |
| 675 |
_a27-284 _v3 _zrus |
||
| 686 | 2 | _aЭ376,0 | |
| 700 | 1 |
_aБучан _bД. _gДжим _4070 |
|
| 801 | 0 |
_aRU _bRKP _c20020911 _gPSBO |
|
| 801 | 1 |
_aRU _bRKP _c20020911 |
|
| 801 | 2 |
_aRU _bNLR _c20030204 _grcr |
|
| 942 | _cBOOK | ||
| 980 | _aNB | ||